Monitoring revenue sharing / (Record no. 1853)
[ view plain ]
| 000 -LEADER | |
|---|---|
| fixed length control field | 00913nac a22002411u 4500 |
| 010 ## - LIBRARY OF CONGRESS CONTROL NUMBER | |
| LC control number | 74028124 |
| 020 ## - INTERNATIONAL STANDARD BOOK NUMBER | |
| International Standard Book Number | 0815759843. |
| -- | 0815759835 |
| 082 00 - DEWEY DECIMAL CLASSIFICATION NUMBER | |
| Classification number | 336.185 |
| Item number | N274 |
| 090 ## - LOCALLY ASSIGNED LC-TYPE CALL NUMBER (OCLC); LOCAL CALL NUMBER (OCLC) | |
| -- | 1853 |
| -- | 1853 |
| 100 ## - MAIN ENTRY--PERSONAL NAME | |
| Personal name | Nathan, Richard P. |
| 245 10 - TITLE STATEMENT | |
| Title | Monitoring revenue sharing / |
| Statement of responsibility, etc | Richard P. Nathan, Allen D. Manvel, Susannah E. Calkins, and associates. |
| 260 ## - PUBLICATION, DISTRIBUTION, ETC. (IMPRINT) | |
| Place of publication, distribution, etc | Washington : |
| Name of publisher, distributor, etc | Brookings Institution, |
| Date of publication, distribution, etc | [1975] |
| 300 ## - PHYSICAL DESCRIPTION | |
| Extent | xxii, 394 p. ; |
| Dimensions | 24 cm. |
| 500 ## - GENERAL NOTE | |
| General note | Donations |
| 500 ## - GENERAL NOTE | |
| General note | Donations - Dr. Mostafa Gouda |
| 504 ## - BIBLIOGRAPHY, ETC. NOTE | |
| Bibliography, etc | Includes bibliographical references and index. |
| 650 #0 - SUBJECT ADDED ENTRY--TOPICAL TERM | |
| Topical term or geographic name as entry element | Revenue sharing |
| Geographic subdivision | United States. |
| 700 1# - ADDED ENTRY--PERSONAL NAME | |
| Personal name | Manvel, Allen D., |
| Dates associated with a name | 1912- |
| 700 1# - ADDED ENTRY--PERSONAL NAME | |
| Personal name | Calkins, Susannah E., |
| 710 2# - ADDED ENTRY--CORPORATE NAME | |
| Corporate name or jurisdiction name as entry element | Brookings Institution. |
| 942 ## - ADDED ENTRY ELEMENTS (KOHA) | |
| Item type | Book - Borrowing |
| Call number prefix | 336.185N274 |
| Withdrawn status | Item status | Damaged status | Not for loan | Home library | Current library | Shelving location | Date acquired | Source of acquisition | Total Checkouts | Full call number | Barcode | Date last seen | Koha item type |
|---|---|---|---|---|---|---|---|---|---|---|---|---|---|
| Central Library | Central Library | First floor | 19/12/2006 | Purchase | 336.185 NAT | 000002464 | 15/07/2025 | Book - Borrowing |